Cursus juris canonici hispani et indici in quo, juxta ordinem titulorum decretalium, non solum canonicae decisiones sfferuntur...

Detalles Bibliográficos
Autor principal: MURILLO VELARDE, Pedro
Formato: Libro
Publicado: Madrid 1743
Materias:
Colección:Banco de datos
Acervo:Biblioteca del Ex Convento de Nuestra Señora de Guadalupe. Zacatecas
Descripción Física:t. I
Tema general:Derecho Eclesiástico
Notas:Buena. III,5,19(826). Ex libris en sello seco de Joaquín Ibarra. Sin marca de fuego
LEADER 00845nam a22002050004500
035 |a 39196 
036 |a 380 
100 1 |a MURILLO VELARDE, Pedro 
245 1 0 |a Cursus juris canonici hispani et indici in quo, juxta ordinem titulorum decretalium, non solum canonicae decisiones sfferuntur... 
260 |a Madrid  |b imp. Ammanuelis Fernández  |c 1743 
300 |a t. I 
500 |a Buena. III,5,19(826). Ex libris en sello seco de Joaquín Ibarra. Sin marca de fuego 
650 1 0 |a Derecho Eclesiástico 
949 |a CRZ-CG 
959 |a Ex convento de Nuestra Señora de Guadalupe, Museo Regional de Zacatecas, Zacatecas  |b CCC4 
960 |a Convento de Nuestra Señora de Guadalupe, Zacatecas  |b DD87 
961 |a Franciscana  |b OF 
942 |c CRZ-CG 
943 |g Biblioteca del Ex Convento de Nuestra Señora de Guadalupe. Zacatecas 
999 |c 963323  |d 963323